| 000 | 00609nam a2200181 a 4500 | ||
|---|---|---|---|
| 005 | 20240924071113.0 | ||
| 008 | 991125s1986 mx 000 0 spa u | ||
| 035 | _aUPN01000015328 | ||
| 049 | _aSEP | ||
| 050 | 4 |
_aL227 D87 _bM2 |
|
| 110 | 1 |
_aMéxico. _bDirección General de Publicaciones y Medios _928156 |
|
| 245 | 1 | 0 |
_aDichosa edad-- / _cDirección General de Publicaciones y Medios ; pról. Roberto Suárez Argüello. |
| 260 |
_aMéxico : _bErmitaño, _c1986. |
||
| 300 |
_a[40] p. : _bil. |
||
| 600 | 1 | 4 |
_aCERVANTES SAAVEDRA, MIGUEL DE, _d1547-1616 |
| 650 | 4 |
_aLiteratura española _95069 |
|
| 905 | _aLibro | ||
| 999 |
_c15328 _d15328 |
||